| 000 | 00758nam a2200217Ii 4500 | ||
|---|---|---|---|
| 003 | JO-AjNU | ||
| 008 | 230605s9999||||xx |||||||||||||| ||und|| | ||
| 017 | _a2005/10/2399 | ||
| 040 |
_aJO-AjNU _bara _erda _cJO-AjNU |
||
| 041 | _aara | ||
| 050 | 1 | 4 | _aHA32.S2322.2006 |
| 100 | 3 |
_aصبري،عزام, _eauthor _931184 |
|
| 245 | 0 | 0 | _aاساسيات في النظام الاحصائي الشاملSPSS |
| 250 | _aط1 | ||
| 264 | 3 | 1 | _aعمان،اربد:جدارا للكتاب الجامعي،عالم الكتب الحديث |
| 300 |
_a384ص _bجداول توضيحية |
||
| 336 |
_atext _btxt _2rdacontent |
||
| 337 |
_aunmediated _bn _2rdamedia |
||
| 338 |
_avolume _bnc _2rdacarrier |
||
| 650 | 4 |
_aالاحصاء-البرامج-الحواسيب _931185 |
|
| 999 |
_aA12445 _c16013 _d16013 |
||